First Word Comedy Titles Quiz Stats

Quiz Updated Oct 26, 2015

Challenge
Share
Tweet
Embed
Score 0/30 Timer 04:00
4 Plays Today
Movie Answer % Correct
______ The Fockers Meet
97.7%
______ Hills CopBeverly
96.8%
______ Python And The Holy Grail Monty
96.7%
______ Who’s Talking Look
96.2%
______ Miss Sunshine Little
96.2%
______ AloneHome
96%
______ Something About Mary There's
95.7%
______ Men And A Baby 3
95.6%
______, Trains And Automobiles Planes
93.7%
______ Weddings And A Funeral Four
93.6%
______ Lampoon’s Animal House National
92.2%
______ Like It Hot Some
91.1%
______: The Legend Of Ron Burgundy Anchorman
90.7%
______ Rotten Scoundrels Dirty
90.4%
______ Slickers City
90.2%
Movie Answer % Correct
______ The Money And Run Take
89.5%
______ Saddles Blazing
86.8%
______ Is Spinal Tap This
84%
______ Times At Ridgemont High Fast
81.7%
______ Graffiti American
80.7%
______ Of The Dead Shaun
80.7%
______ In Show Best
80.4%
______ ThunderTropic
79.2%
______ To America Coming
79.1%
______ And The Bandit Smokey
79%
______: A True Underdog Story Dodgeball
72.8%
______ TroopersSuper
66%
______ SoupDuck
51.8%
______ Girl FridayHis
49.8%
______ Most WantedMuppets
10%

You're not logged in!

Compare scores with friends on all Sporcle quizzes.
Sign Up with Email
OR
Log In

You Might Also Like...

Show Comments

Extras

Top Quizzes Today


Score Distribution

Your Account Isn't Verified!

In order to create a playlist on Sporcle, you need to verify the email address you used during registration. Go to your Sporcle Settings to finish the process.